Score 0/18 Timer 02:00
0 Plays Today
Clue Word % Correct
What firefighters hook up to a hydrantHOSE
89.7%
Like _ ___ of bricksA TON
84.3%
Type of insurance$ HOME $
82.4%
Get checkmatedLOSE
80.9%
____ boy! (Way to go!)ATTA
79.4%
Ponce de ____LEON
79.1%
Abbreviation on a business letterATTN
68.3%
Bird on the Canadian dollar coinLOON
68.3%
Type of insurance$ LIFE $
67.7%
Clue Word % Correct
Roger Rabbit e.g.TOON
67.2%
Multi-volume bookTOME
65.5%
Ages and agesAEON
65.3%
Physicist Meitner for whom meitnerium is namedLISE
54%
Type of insurance$ AUTO $
52.4%
On the fenceTORN
44.5%
Sped like the windTORE
43.5%
Opposite of bajaALTA
38%
Alternative to STOP and ARRÊTALTO
32.6%

Today's Daily Dose

Remove Ads.
Support Sporcle.
Get the best of Sporcle when you Go Orange. This ad-free experience offers more features, more stats, and more fun while also helping to support Sporcle. Thank you for becoming a member.

You're not logged in!

Compare scores with friends on all Sporcle quizzes.
OR
Log In

Sporcle TV

Today on Sporcle TV


Watch our educational content, quiz creation guides, and fun videos on Sporcle TV.

Show Comments

Extras

Top Quizzes Today


Score Distribution

Paid Content

Your Account Isn't Verified!

In order to create a playlist on Sporcle, you need to verify the email address you used during registration. Go to your Sporcle Settings to finish the process.

Report this User

Report this user for behavior that violates our Community Guidelines.

Details: